ბათუმის შოთა რუსთაველის სახელმწიფო უნივერსიტეტის ბიბლიოთეკა

IV საერთაშორისო კონფერენცია ამერიკისმცოდნეობაში = IV international conference on american studies : (ბიბ.ჩანაწერი № 58867)

000 -ლიდერი
ფიქსირებული სიგრძის საკონტროლო ველი 02308nam a22002417a 4500
003 - საკონტროლო ნომრის იდენტიფიკატორი
საკონტროლო ველი Ge_BSU
005 - ბოლო ოპერაციის თარიღი და დრო
საკონტროლო ველი 20221011163030.0
008 - ფიქსირებული სიგრძის მონაცემთა ელემენტები - ზოგადი ინფორმაცია
ფიქსირებული სიგრძის საკონტროლო ველი 221011s2008 ge ||||| |||| 00| 0 geo d
041 ## - ენის კოდი
Language code of text/sound track or separate title geo
080 ## - უნივერსალური ათობითი კლასიფიკაციის ინდექსი
Universal Decimal Classification number 908(73) ს-12
245 ## - ცნობა სათაურის შესახებ
Title IV საერთაშორისო კონფერენცია ამერიკისმცოდნეობაში = IV international conference on american studies :
Remainder of title ოქტომბერი 2008 ქუთაისი : ენა, ლიტერატურა, კულტურა, ხელოვნება, თარგმანი, ქართულ-ამერიკული ურთიერთობები, პოლიტიკა, ისტორია, ეკონომიკა, განათლება და საზოგადოება : [კონფერენციის მასალები] /
Statement of responsibility, etc სარედ. კოლ.: ვახტანგ ამაღლობელი [და სხვ.].
264 ## - წარმოების, გამოცემის, დისტრიბუციის და სხვა ცნობები
გამოცემის, წარმოების, დისტრიბუციის... ადგილი ქუთაისი :
გამოცემის, წარმოების, დისტრიბუციის... სახელწოდება აკ. წერეთლის სახელმწ. უნ-ტის გამ-ბა,
გამოცემის, წარმოების, დისტრიბუციის... თარიღი 2008.
300 ## - ფიზიკური აღწერა
Extent 401 გვ. ;
Other physical details 20 სმ.
500 ## - ზოგადი შენიშვნა
General note ზესათ.: აკ. წერეთლის სახელმწ. უნ-ტი, აწსუ ამერიკის შესწავლის ცენტრი, ჯონ დოს პასოსის საქ. ასოციაცია.
შრომების ნაწილი ინგლ.
653 ## - INDEX TERM--UNCONTROLLED
Uncontrolled term ამერიკისმცოდნეობა - კონფერენციები
700 ## - ADDED ENTRY--PERSONAL NAME
Personal name აბესაძე, ირინე
Relator term ავტორი
9 (RLIN) 15256
700 ## - ADDED ENTRY--PERSONAL NAME
Personal name ბაგრატიონი, ირმა
Relator term ავტორი
9 (RLIN) 4121
700 ## - ADDED ENTRY--PERSONAL NAME
Personal name გელაშვილი, მანანა და სხვ.
Relator term ავტორი
9 (RLIN) 15257
700 ## - ADDED ENTRY--PERSONAL NAME
Personal name ამაღლობელი, ვახტანგ
Relator term რედაქტორი
9 (RLIN) 15258
700 ## - ADDED ENTRY--PERSONAL NAME
Personal name ცხვედიანი, ირაკლი და სხვ.
Relator term რედაქტორი
9 (RLIN) 15259
710 ## - ADDED ENTRY--CORPORATE NAME
Corporate name or jurisdiction name as entry element აკ. წერეთლის სახელმწ. უნ-ტი
Subordinate unit ამერიკის შესწავლის ცენტრი.
9 (RLIN) 15260
942 ## - ADDED ENTRY ELEMENTS (KOHA)
Source of classification or shelving scheme
Koha item type წიგნი
ეგზემპლარები
ჩამოწერის სტატუსი დაკარგული ეგზემპლარის სტატუსი კლასიფიკაციის წყარო ან თაროზე გაწყობის სქემა დაზიანების სტატუსი არ გაიცემა მუდმივი მდებარეობა (დაცვის ადგილი) ამჟამინდელი ადგილსამყოფელი თაროზე განთავსების ადგილი შეძენის თარიღი ღირებულება, შესყიდვის ნორმალური ფასი სრული შენახვის შიფრი შტრიხკოდი ბოლო ოპერაციის თარიღი ეგზემპლარის მიმდევრობითი ნომერი (კეტერი?) ფასის ძალაში შესვლის თარიღი ეგზემპლარის სახეობა საჯარო შენიშვნა
          ბათუმის შოთა რუსთაველის სახელმწიფო უნივერსიტეტის მთავარი ბიბლიოთეკა ბათუმის შოთა რუსთაველის სახელმწიფო უნივერსიტეტის მთავარი ბიბლიოთეკა წიგნსაცავი 2022-10-11 5.00 908(73) ს-12 28671 2022-10-11 28671 2022-10-11 წიგნი 5 ლ.